|
|
|
|
| LEADER |
00000css a2200000 a 4500 |
| 001 |
5402 |
| 003 |
Ucuenca |
| 005 |
20230803062955.0 |
| 008 |
000000| ||||||||r|||||||||||spa|| |
| 040 |
|
|
|b spa
|
| 041 |
1 |
|
|a spa
|
| 082 |
0 |
|
|a 330.5
|b B192b
|
| 245 |
|
|
|a Boletín del Banco Central del Ecuador
|h imp
|
| 264 |
|
|
|a Quito
|b Banco Central del Ecuador
|c Junio de 1938
|
| 300 |
|
|
|a 35 páginas:
|b tab
|c 28 cm
|
| 362 |
|
|
|a Año XI; no. 131 (junio de 1938)
|
| 650 |
|
7 |
|a Boletin del Banco Central del Ecuador.
|9 41870
|
| 852 |
|
|
|a UC-CDJBV
|f Donación
|l 1
|m General
|p 00000000
|r 2
|t 5402
|b 0
|d CDRC
|e CDRC
|g 330.5 B192b ESTANTERIA CERRADA
|z 0000-00-00
|
| 942 |
|
|
|c SER
|
| 999 |
|
|
|c 137869
|d 137869
|